[Event "GER-ch op (Women)"]
[Site "Bayerisch Eisenstein"]
[Date "2019.07.28"]
[Round "2"]
[White "Steckmann, Kerstin"]
[Black "Navarro Ortega Villaizan, Lucia"]
[Result "1-0"]
[WhiteElo "1653"]
[BlackElo "1113"]
[PlyCount "111"]
[EventDate "2019.07.27"]
[EventType "swiss"]
[EventRounds "9"]
[EventCountry "GER"]
[SourceTitle "CBM 191 Extra"]
[Source "ChessBase"]
[SourceDate "2019.09.30"]
[SourceVersion "1"]
[SourceVersionDate "2019.09.30"]
[SourceQuality "1"]

1. d4 d5 2. c4 c6 3. Nf3 Bf5 4. Nc3 Nf6 5. Qb3 Qb6 6. cxd5 cxd5 7. Qxb6 axb6 8. Nb5 Na6 9. Bf4 Rc8 10. a3 Bd7 11. e3 Ne4 12. Bd3 Nd6 13. Nxd6+ exd6 14. 0-0 Be7 15. Rac1 0-0 16. Bg3 b5 17. b4 Nc7 18. Rc3 Ne6 19. Rfc1 Rxc3 20. Rxc3 f5 21. Bh4 Bxh4 22. Nxh4 f4 23. Nf5 fxe3 24. fxe3 Rf7 25. Nxd6 Rf8 26. Nxb7 Ng5 27. Nd6 h5 28. Nxb5 h4 29. h3 Ne4 30. Bxe4 dxe4 31. Nd6 Rf6 32. Nxe4 Rg6 33. Nf2 Kf7 34. Rc7 Ke7 35. Ng4 Kd8 36. Rxd7+ Kc8 37. Rf7 Ra6 38. Rxg7 Rxa3 39. Kf2 Rb3 40. Rh7 Rxb4 41. Rxh4 Rb2+ 42. Kf3 Rb6 43. Ne5 Rb3 44. g4 Kc7 45. Rh6 Rb1 46. h4 Rf1+ 47. Ke4 Rg1 48. g5 Kd8 49. g6 Ke8 50. Rh7 Kf8 51. Rf7+ Kg8 52. h5 Rg4+ 53. Nxg4 Kh8 54. h6 Kg8 55. Kf5 Kh8 56. Rf8# 1-0

[Event "Bad Koenigshofen op (Women)"]
[Site "Bad Koenigshofen"]
[Date "2006.08.12"]
[Round "9.10"]
[White "Steckmann, Kerstin"]
[Black "Pflug, Tanja"]
[Result "1/2-1/2"]
[WhiteElo "1507"]
[BlackElo "2047"]
[PlyCount "97"]
[EventDate "2006.08.04"]
[EventType "swiss"]
[EventRounds "9"]
[EventCountry "GER"]
[SourceTitle "CBM 113 Extra"]
[Source "ChessBase"]
[SourceDate "2006.09.14"]
[SourceVersion "1"]
[SourceVersionDate "2006.09.14"]
[SourceQuality "1"]

1. d4 f5 2. c4 Nf6 3. Nc3 d6 4. b3 Na6 5. Bb2 g6 6. Nf3 Bg7 7. g3 0-0 8. Bg2 Qe8 9. 0-0 e5 10. dxe5 dxe5 11. Nd5 Ne4 12. Nc3 Nf6 13. Nd5 e4 14. Bxf6 Bxf6 15. Nxf6+ Rxf6 16. Ng5 Rd6 17. Qc1 Qd8 18. h4 c5 19. Rd1 h6 20. Rxd6 Qxd6 21. Nh3 Qd4 22. Nf4 Kg7 23. Qd1 Nb4 24. Qxd4+ cxd4 25. a3 Nc6 26. b4 Kf6 27. Rd1 g5 28. hxg5+ hxg5 29. Nd5+ Ke5 30. f4+ gxf4 31. gxf4+ Kd6 32. Ne3 Ke7 33. Nc2 Be6 34. Nxd4 Nxd4 35. Rxd4 Rc8 36. c5 b6 37. cxb6 axb6 38. a4 Rc3 39. Bxe4 fxe4 40. Rxe4 Kf6 41. e3 Ra3 42. a5 bxa5 43. bxa5 Rxa5 44. Rb4 Ra2 45. Rb5 Re2 46. Re5 Bf5 47. Kf1 Bd3 48. Kg1 Bf5 49. Kf1 1/2-1/2

[Event "Bad Koenigshofen op (Women)"]
[Site "Bad Koenigshofen"]
[Date "2006.08.09"]
[Round "6.10"]
[White "Erbs, Susan"]
[Black "Steckmann, Kerstin"]
[Result "1-0"]
[WhiteElo "2013"]
[BlackElo "1507"]
[PlyCount "61"]
[EventDate "2006.08.04"]
[EventType "swiss"]
[EventRounds "9"]
[EventCountry "GER"]
[SourceTitle "CBM 113 Extra"]
[Source "ChessBase"]
[SourceDate "2006.09.14"]
[SourceVersion "1"]
[SourceVersionDate "2006.09.14"]
[SourceQuality "1"]

1. e4 e6 2. d3 d5 3. e5 c5 4. f4 f6 5. Nf3 fxe5 6. fxe5 Nc6 7. g3 Nge7 8. Bh3 h6 9. 0-0 Qb6 10. c3 g5 11. d4 Ng6 12. Qc2 Nce7 13. Be3 c4 14. b3 Qc6 15. bxc4 dxc4 16. Nbd2 b5 17. Bg2 Rg8 18. Nh4 Nd5 19. Nxg6 Ba3 20. Rae1 Qd7 21. Ne4 Bb7 22. Nf6+ Nxf6 23. Bxb7 Qxb7 24. exf6 0-0-0 25. f7 Rg7 26. f8Q Bxf8 27. Rxf8 Rxf8 28. Nxf8 Rf7 29. Nxe6 Rf6 30. Nc5 Qe7 31. Qe4 1-0

[Event "Bad Koenigshofen op (Women)"]
[Site "Bad Koenigshofen"]
[Date "2006.08.06"]
[Round "3.10"]
[White "Jusciak, Ute"]
[Black "Steckmann, Kerstin"]
[Result "1/2-1/2"]
[WhiteElo "1478"]
[BlackElo "1507"]
[PlyCount "25"]
[EventDate "2006.08.04"]
[EventType "swiss"]
[EventRounds "9"]
[EventCountry "GER"]
[SourceTitle "CBM 113 Extra"]
[Source "ChessBase"]
[SourceDate "2006.09.14"]
[SourceVersion "1"]
[SourceVersionDate "2006.09.14"]
[SourceQuality "1"]

1. e4 e6 2. Nc3 d5 3. exd5 exd5 4. Nf3 Nf6 5. d4 Bb4 6. Bd2 0-0 7. Bd3 Re8+ 8. Ne5 Nc6 9. Bf4 Nxe5 10. Bxe5 Ng4 11. 0-0 Nxe5 12. dxe5 Rxe5 13. f4 1/2-1/2